Strategic management

Bibliographic Details
Main Author: Harvey, Donald F. (Author)
Format: Book
Language:English
Published: Ohio : Charles E.Merril 1982
Subjects:

MARC

LEADER 00000cam a2200000 7i4500
001 0000002359
005 20240925.0
008 991129 ohu a eng
020 |a 0675200520 
040 |a INS   |b eng   |e rda 
090 0 0 |a HD30.28   |b .H584 1982 
100 1 |a Harvey, Donald F. ,   |e author 
245 1 0 |a Strategic management   |c Donald F. Harvey 
264 1 |a Ohio :   |b Charles E.Merril   |c 1982 
300 |a xiv, 342 pages :   |b illustrations ;   |c 25 cm. 
336 |a text  |2 rdacontent 
337 |a unmediated  |2 rdamedia 
338 |a volume  |2 rdacarrier 
500 |a Includes index 
650 0 |a Management   |x Programmed instructions 
999 |a 0000000708   |b BOOK   |c Open Shelf   |e Default branch